| 000 | 00396nam a22001337a 4500 | ||
|---|---|---|---|
| 020 | _a9788120341845 | ||
| 082 |
_a532 _bSHE/EX |
||
| 100 |
_aShesha Prakash M N _9122 |
||
| 245 | _aExperiments in Hydraulics and Hydraulic Machines: Therory and Procedures | ||
| 260 |
_aNew Delhi _bPHI Learning Private Ltd. _c2011 |
||
| 300 |
_a145 _eCD Attached |
||
| 650 |
_aHydraulic Machines _9123 |
||
| 942 | _cBK | ||
| 999 |
_c14115 _d14115 |
||